| 000 -ლიდერი |
| ფიქსირებული სიგრძის საკონტროლო ველი |
01609nam a2200289Ia 4500 |
| 001 - საკონტროლო ნომერი |
| საკონტროლო ველი |
21592 |
| 003 - საკონტროლო ნომრის იდენტიფიკატორი |
| საკონტროლო ველი |
GE_BSU |
| 005 - ბოლო ოპერაციის თარიღი და დრო |
| საკონტროლო ველი |
20211207172520.0 |
| 008 - ფიქსირებული სიგრძის მონაცემთა ელემენტები - ზოგადი ინფორმაცია |
| ფიქსირებული სიგრძის საკონტროლო ველი |
181216s1949||||ge |||||||||||||| ||geo|| |
| 040 ## - კატალოგიზაციის წყარო |
| Transcribing agency |
GE_BSU |
| 041 ## - ენის კოდი |
| Language code of text/sound track or separate title |
geo |
| 080 ## - უნივერსალური ათობითი კლასიფიკაციის ინდექსი |
| Universal Decimal Classification number |
811.353.1-86 ი-50 |
| 100 ## - მთავარი ჩანაწერი - პიროვნების სახელი |
| Personal name |
იმნაიშვილი, ი. |
| 9 (RLIN) |
13205 |
| 245 ## - ცნობა სათაურის შესახებ |
| Title |
ქართული ენის ისტორიული ქრესტომათია ტ. 1 : |
| Remainder of title |
V-X საუკუნის ძეგლები / |
| Statement of responsibility, etc |
ი. იმნაიშვილი ; გამოსცა და ლექსიკონი დაურთო ი. იმნაიშვილმა. ; ა. შანიძის რედაქციით. |
| 264 ## - წარმოების, გამოცემის, დისტრიბუციის და სხვა ცნობები |
| გამოცემის, წარმოების, დისტრიბუციის... ადგილი |
თბილისი : |
| გამოცემის, წარმოების, დისტრიბუციის... სახელწოდება |
სამეცნ.-მეთოდ. კაბინეტის გამ-ბა, |
| გამოცემის, წარმოების, დისტრიბუციის... თარიღი |
1949. |
| 300 ## - ფიზიკური აღწერა |
| Extent |
495 გვ. ; |
| Dimensions |
23 სმ. |
| 500 ## - ზოგადი შენიშვნა |
| General note |
დანართი, ლექსიკონი გვ. : 353-489 |
| 653 ## - INDEX TERM--UNCONTROLLED |
| Uncontrolled term |
V-X საუკუნის ძეგლები |
| 653 ## - INDEX TERM--UNCONTROLLED |
| Uncontrolled term |
ქართული ენა |
| 653 ## - INDEX TERM--UNCONTROLLED |
| Uncontrolled term |
ქართული ენის ისტორიული ქრესტომათია |
| 653 ## - INDEX TERM--UNCONTROLLED |
| Uncontrolled term |
ქართული ენის ქრესტომათიები |
| 653 ## - INDEX TERM--UNCONTROLLED |
| Uncontrolled term |
ქართული ენის ისტორია |
| 700 ## - ADDED ENTRY--PERSONAL NAME |
| Personal name |
შანიძე, ა. |
| Relator term |
რედაქტორი |
| 9 (RLIN) |
13206 |
| 710 ## - ADDED ENTRY--CORPORATE NAME |
| Corporate name or jurisdiction name as entry element |
საქართველოს სსრ განათლების სამინისტრო |
| 9 (RLIN) |
13207 |
| 942 ## - ADDED ENTRY ELEMENTS (KOHA) |
| Koha item type |
წიგნი |
| Source of classification or shelving scheme |
|